2023 Brisbane Lions AFL Team Quiz - Statistics

General Stats
  • This quiz has been taken 79 times
  • The average score is 29 of 54
Answer Stats
Number Answer % Correct
9 Lachie Neale
100%
3 Joe Daniher
93%
16 Cam Rayner
91%
15 Dayne Zorko
91%
5 Josh Dunkley
91%
30 Eric Hipwood
87%
31 Harris Andrews
87%
8 Will Ashcroft
87%
23 Charlie Cameron
85%
Head Coach Chris Fagan
85%
7 Jarrod Berry
85%
33 Zac Bailey
85%
4 Callam Ah Chee
80%
46 Oscar McInerney
80%
6 Hugh McCluggage
78%
10 Daniel Rich
74%
11 Lincoln McCarthy
74%
1 Kai Lohmann
72%
18 Keidean Coleman
72%
13 Blake Coleman
70%
40 Jack Payne
67%
2 Deven Robertson
63%
44 Darcy Wilmot
61%
28 Jaspa Fletcher
61%
35 Ryan Lester
61%
26 Connor McKenna
59%
27 Darcy Gardiner
59%
37 Brandon Starcevich
57%
32 Darcy Fort
57%
19 Jack Gunston
57%
17 Jarrod Lyons
57%
22 Harry Sharp
50%
43 Noah Answerth
41%
29 James Tunstill
39%
25 Henry Smith
37%
14 James Madden
37%
20 Jaxon Prior
37%
12 Nakia Cockatoo
35%
21 Tom Fullarton
35%
36 Rhys Mathieson
33%
41 Darragh Joyce
30%
24 Marcus Adams
30%
45 Kalin Lane
28%
Forwards Coach Jed AdCock
26%
34 Shadeau Brain
24%
39 Carter Michael
22%
50 Darryl Mcdowell-White
22%
Ruck/Stoppages Ben Hudson
15%
Midfield Coach Cam Bruce
15%
Backline Coach Murray Davis
9%
Strategy Coach Mark Stone
2%
High Performance Manager Damien Austin
0%
Head of Development Paul Henricksen
0%
Head of Development Scott Borlace
0%
No matching quizzes found
Score Distribution
Percent of People with Each Score
Percentile by Number Answered
Your Score History
You have not taken this quiz